00378nam a2200121Ia 4500008004100000245011700041260001700158260000900175300000800184650002300192650001200215856002900227170516s9999 xx 000 0 und d aCisplatin Prodrug-Conjugated Gold Nanocluster for Fluorescence Imaging and Targeted Therapy of the Breast Cancer bTheranostics c2016 a6:5 xMedical Technology xMedtech uhttp://www.thno.org/v6i5